000 00588nam a2200229 i 4500
001 C2-0022593
003 PPAK
005 20190630221959.0
008 970203s1982 enk |||| ||||| | eng d
020 _a0241107490
040 _aPPAK
_beng
_cPPAK
_erda
082 0 4 _a808.3
_223
090 0 0 _a808.3
_bBAL
_dG
100 1 _aBaldwin, Michael,
_eauthor
245 1 4 _aThe way to write poetry
264 1 _aLondon :
_bTree Books ,
_c1982
300 _a111 pages ;
_c21 cm
336 _2rdacontent
_atext
337 _2rdamedia
_aunmediated
338 _2rdacarrier
_avolume
942 _ddc
_cB
999 _c4625
_d4625